ARRUPE JESUIT UNIVERSITY

CORONAVIRUS -STOP THE SPREAD - CLEAN,DISINFECT,COVER

The art of Marvell's poetry (Record no. 127104)

MARC details
000 -LEADER
fixed length control field 00811cam a22002651 4500
001 - CONTROL NUMBER
control field 1234320
003 - CONTROL NUMBER IDENTIFIER
control field ARRUPE
005 - DATE AND TIME OF LATEST TRANSACTION
control field 20171012110925.0
008 - FIXED-LENGTH DATA ELEMENTS--GENERAL INFORMATION
fixed length control field 710504s1968 enk b 000 0 eng
010 ## - LIBRARY OF CONGRESS CONTROL NUMBER
LC control number 68102214
015 ## - NATIONAL BIBLIOGRAPHY NUMBER
National bibliography number B68-08831
020 ## - INTERNATIONAL STANDARD BOOK NUMBER
International Standard Book Number 0090876903
040 ## - CATALOGING SOURCE
Original cataloging agency DLC
Transcribing agency DLC
Modifying agency DLC
050 00 - LIBRARY OF CONGRESS CALL NUMBER
Classification number PR3546
Item number .L45 1968
082 00 - DEWEY DECIMAL CLASSIFICATION NUMBER
Classification number 821/.4
300 ## - PHYSICAL DESCRIPTION
Dimensions 22 cm.
100 1# - MAIN ENTRY--PERSONAL NAME
Personal name Leishman, J. B.
Fuller form of name (James Blair),
Dates associated with a name 1902-1963.
9 (RLIN) 16112
245 14 - TITLE STATEMENT
Title The art of Marvell's poetry
Statement of responsibility, etc James B. Leishman.
260 ## - PUBLICATION, DISTRIBUTION, ETC. (IMPRINT)
Place of publication, distribution, etc London,
Name of publisher, distributor, etc Hutchinson University Library,
Date of publication, distribution, etc 1966.
300 ## - PHYSICAL DESCRIPTION
Extent 328 p.
350 ## - PRICE (NR) (BK AM CF MU VM SE) [OBSOLETE]
Price 37/6
440 ## - SERIES STATEMENT/ADDED ENTRY--TITLE
Title The Metaphysical poets
9 (RLIN) 37059
504 ## - BIBLIOGRAPHY, ETC. NOTE
Bibliography, etc Bibliographical footnotes.
600 10 - SUBJECT ADDED ENTRY--PERSONAL NAME
Personal name Marvell, Andrew
9 (RLIN) 37060
906 ## - LOCAL DATA ELEMENT F, LDF (RLIN)
a 7
b cbc
c orignew
d u
e ncip
f 19
g y-gencatlg
942 ## - ADDED ENTRY ELEMENTS (KOHA)
Source of classification or shelving scheme Library of Congress Classification
Koha item type Monograph ( Printed materials)
Holdings
Withdrawn status Lost status Source of classification or shelving scheme Damaged status Not for loan Collection code Home library Current library Shelving location Date acquired Total Checkouts Full call number Barcode Date last seen Price effective from Koha item type
    Library of Congress Classification     Main Collection ARRUPE LIBRARY ARRUPE LIBRARY Main Collection 12/10/2017   PR3546 .L45 1966 46003072762 25/04/2019 12/10/2017 Monograph ( Printed materials)

 

Arrupe Library. PO Box MP320 Mt Pleasant, Harare, Zimbabwe
263 242 745411|librarian@aju.ac.zw